000
00204 a2200097 4500
001
19805
100
_a
Sheban, J
245
_a
Wisdom of Gibran
260
_a
_b
Philosophical Lib
_c
090
_c
14429
_d
14429
942
_a
NUST-CAE
_c
M
_c
4924
999
_c
254878
_d
254878